Oscar Nominees (1931/32) Quiz Stats

 Plays Quiz not verified by Sporcle

Challenge
Share
Tweet
Embed
Score 0/44 Timer 08:00
0 Plays Today
% Correct
*Grand Hotel*
92.8%
The Champ
91.9%
*The Champ*
91.9%
*Helen Hayes* - The Sin of Madelon Claudet
91%
*Fredric March* - Dr. Jekyll and Mr. Hyde
90.1%
*Wallace Beery* - The Champ
90.1%
Dr. Jekyll and Mr. Hyde
83.8%
Dr. Jekyll and Mr. Hyde
83.8%
Bad Girl
82%
Marie Dressler - Emma
82%
*Bad Girl*
82%
Alfred Lunt - The Guardsman
78.4%
Lynn Fontanne - The Guardsman
77.5%
King Vidor - The Champ
77.5%
*Frank Borzage* - Bad Girl
75.7%
Arrowsmith
72.1%
Arrowsmith
72.1%
*Shanghai Express*
72.1%
Shanghai Express
72.1%
Arrowsmith
72.1%
Arrowsmith
72.1%
Five Star Final
69.4%
% Correct
Josef von Sternberg - Shanghai Express
69.4%
One Hour with You
67.6%
The Smiling Lieutenant
66.7%
MGM
58.6%
RKO
58.6%
*Flowers and Trees*
57.9%
What Price Hollywood?
56.8%
*Paramount Publix*
56.8%
Warner Bros.
56.8%
*The Music Box*
55.3%
*Wrestling Swordfish*
55.3%
It's Got Me Again!
55.3%
Mickey's Orphans
55.3%
*Transatlantic*
55%
The Star Witness
53.2%
The Loud Mouth
52.6%
Screen Souvenirs
52.6%
Swing High
52.6%
Walt Disney Productions
51.4%
Scratch-As-Catch-Can
50%
Lady and Gent
49.5%
À nous la liberté
48.6%

You're not logged in!

Compare scores with friends on all Sporcle quizzes.
Join for Free
OR
Log In

You Might Also Like...

Show Comments

Extras

Top Quizzes Today


Score Distribution

Your Account Isn't Verified!

In order to create a playlist on Sporcle, you need to verify the email address you used during registration. Go to your Sporcle Settings to finish the process.

Report this User

Report this user for behavior that violates our Community Guidelines.

Details: